书目信息 |
| 题名: |
梦的释义
|
|
| 作者: | 弗洛伊德 , Freud 著 ;张燕云 译 | |
| 分册: | ||
| 出版信息: | 沈阳 辽宁人民出版社 1987 |
|
| 页数: | 638页 | |
| 开本: | 20cm | |
| 丛书名: | ||
| 单 册: | ||
| 中图分类: | B3 | |
| 科图分类: | ||
| 主题词: | 神经心理学-精神分析 , 精神分析-神经心理学 , 哲学--亚洲 | |
| 电子资源: | ||
| ISBN: | ||
| 000 | 00707nam0 2200265 45 | |
| 001 | 1155218595 | |
| 005 | 20121023172420.23 | |
| 010 | @dCNY4.45 | |
| 100 | @a19960201d1987 em y0chiy0121 ea | |
| 101 | 1 | @achi@cger |
| 102 | @aCN@b210000 | |
| 105 | @ay z 000yy | |
| 200 | 10 | @a梦的释义@Ameng de shi yi@f(奥)弗洛伊德(Freud,S.)著@g张燕云译 |
| 210 | @a沈阳@c辽宁人民出版社@d1987 | |
| 215 | @a638页@d20cm | |
| 606 | @a神经心理学-精神分析 | |
| 606 | @a精神分析-神经心理学 | |
| 606 | 0 | @a哲学@x亚洲 |
| 690 | @aB3@v3 | |
| 701 | 1 | @a弗洛伊德@bS.@4著@Afu luo yi de |
| 701 | A1 | @aFreud@bS.@4著 |
| 702 | 0 | @a张燕云@4译@Azhang yan yun |
| 801 | 0 | @aCN@bTSSF |
| 801 | 2 | @aCN@bNLC |
| 905 | @a10447@dB3@eJY7 | |
| 梦的释义/(奥)弗洛伊德(Freud,S.)著/张燕云译.-沈阳:辽宁人民出版社,1987 |
| 638页;20cm |
| ISBN :CNY4.45 |
| ● |
| 相关链接 |
|
|
|
|
正题名:梦的释义
索取号:B3/JY7
 
预约/预借
| 序号 | 登录号 | 条形码 | 馆藏地/架位号 | 状态 | 备注 |
| 1 | 7824810 | 278248102 | 学院路分馆/ [索取号:B3/JY7] | 在馆 | |
| 2 | 7824811 | 278248111 | 学院路分馆/ [索取号:B3/JY7] | 在馆 |